Para mujeres España (Record no. 171194)

MARC details
000 -LEADER
campo de control de longitud fija 00769nam a22001575i 4500
001 - NÚMERO DE CONTROL
campo de control 171194
003 - IDENTIFICADOR DE NÚMERO DE CONTROL
campo de control ES-MaACL
005 - FECHA Y HORA DE LA ÚLTIMA TRANSACCIÓN
campo de control 20230906214549.0
008 - DATOS DE LONGITUD FIJA--INFORMACIÓN GENERAL
campo de control de longitud fija 090504s1878 sp |||| | spa d
100 1# - ENTRADA PRINCIPAL--NOMBRE DE PERSONA
Nombre de persona Cabarro, Ramiro.
9 (RLIN) 140015
245 10 - MENCIÓN DEL TÍTULO
Título Para mujeres España
Resto del título : viaje cómico-serio-lírico-bailable en un acto y en verso /
Mención de responsabilidad, etc. original de Ramiro Cabarro.
260 ## - PUBLICACIÓN, DISTRIBUCIÓN, ETC.
Lugar de publicación, distribución, etc. Madrid :
Nombre del editor, distribuidor, etc. [s.n.],
Fecha de publicación, distribución, etc. 1878 (
Fabricante Imp. a cargo de Manuel Béjar)
300 ## - DESCRIPCIÓN FÍSICA
Extensión 24 p. ;
Dimensiones 18 cm.
500 ## - NOTA GENERAL
Nota general En port.: Estrenado con extraordinario aplauso el 10 de julio de 1878 en el "Teatro de la Infantil"
852 ## - LOCALIZACIÓN
Ubicación ES-MaACL
Número de control de estantería F-8589(10)
Nota libre .- Enc. pasta epañola
condición física - Falto de la cub. original
Nota libre - Enc. en un vol. facticio formando parte de la col. facticia "Teatro español moderno", vol. 42
Holdings
Estatus retirado Estado de pérdida Estado de daño No para préstamo Colección Biblioteca de origen Biblioteca actual Ubicación en estantería Fecha de adquisición Fuente de adquisición Total de préstamos Signatura topográfica completa Código de barras Visto por última vez Precio de reemplazo Tipo de ítem Koha
        Libros del s. XIX Biblioteca del Ateneo de Madrid Biblioteca del Ateneo de Madrid Sala Pecera Planta 2 04/05/2009     F-8589(10) 1179660 23/02/2023 23/02/2023 Libro impreso antiguo